00529nam a22001937a 450000500170000001000130001702000210003003500130005103700160006404000120008008200150009210000190010724500530012626000440017927000470022330000250027065000230029565000170031820170124105956.0 aB-062228 c00.00a818573090 aB-062228 bCen Lib/Ret aDPLbEN a158.1bBUR aBurnell, Ivan  aThe power of positive doing /cby Ivan Burnell  aChandigarhbAbhishek Publicationsc2001 bChandigarha57-59, sector 17-C, Chandigarh avii, 209p.c19cm(Hb) aPositive thoughts  aDevelopment